<?xml version="1.0" encoding="UTF-8"?>
<record
    xmlns:xsi="http://www.w3.org/2001/XMLSchema-instance"
    xsi:schemaLocation="http://www.loc.gov/MARC21/slim http://www.loc.gov/standards/marcxml/schema/MARC21slim.xsd"
    xmlns="http://www.loc.gov/MARC21/slim">

  <leader>00225    a2200085   4500</leader>
  <datafield tag="020" ind1=" " ind2=" ">
    <subfield code="a">9781789131956</subfield>
  </datafield>
  <datafield tag="100" ind1=" " ind2=" ">
    <subfield code="a">Thomas K Abraham </subfield>
    <subfield code="9">211933</subfield>
  </datafield>
  <datafield tag="245" ind1=" " ind2=" ">
    <subfield code="a">Hands - on Machine Learning with Azure </subfield>
  </datafield>
  <datafield tag="260" ind1=" " ind2=" ">
    <subfield code="b">Packt Publishers </subfield>
    <subfield code="c">2018</subfield>
  </datafield>
  <datafield tag="999" ind1=" " ind2=" ">
    <subfield code="c">365946</subfield>
    <subfield code="d">365946</subfield>
  </datafield>
  <datafield tag="952" ind1=" " ind2=" ">
    <subfield code="0">0</subfield>
    <subfield code="1">0</subfield>
    <subfield code="2">ddc</subfield>
    <subfield code="4">0</subfield>
    <subfield code="7">0</subfield>
    <subfield code="8">Computer Engineering</subfield>
    <subfield code="a">CEWN</subfield>
    <subfield code="b">CEWN</subfield>
    <subfield code="d">2025-04-23</subfield>
    <subfield code="e">198</subfield>
    <subfield code="g">2959.20</subfield>
    <subfield code="i">25-26/1738</subfield>
    <subfield code="l">0</subfield>
    <subfield code="o">006.31</subfield>
    <subfield code="p">CEWN-BK-10481</subfield>
    <subfield code="r">2025-04-23 00:00:00</subfield>
    <subfield code="t">20</subfield>
    <subfield code="v">3699.00</subfield>
    <subfield code="w">2025-04-23</subfield>
    <subfield code="y">BK</subfield>
    <subfield code="z">010481</subfield>
  </datafield>
</record>
